000 00347nam a2200145Ia 4500
005 20251222152032.0
008 251222s9999||||xx |||||||||||||| ||spa||
020 _a9788496231542
082 _a863/M26
100 _aMartínez de Lezea, Toti
245 0 _aLas Torres de Sancho:
250 _a6ta. ed.
264 _bMaeva Ediciones
942 _cLIB
999 _c25689
_d25689